Les 10 villes plus peuplée par département Hauts de France - Statistiques

Statistiques générales
  • Ce quiz a été pris 185 fois
  • Le résultat moyen est 29 sur 50
Statistiques - réponses
Population Arrondissement Réponse % Correct
24 876 Laon Laon
97%
53 216 Saint-Quentin Saint-Quentin
97%
41 019 Arras Arras
96%
39 701 Douai Douai
96%
237 767 Lille Lille
96%
73 491 Calais Calais
95%
32 558 Cambrai Cambrai
95%
87 353 Dunkerque Dunkerque
95%
31 415 Lens Lens
95%
56 546 Beauvais Beauvais
94%
40 874 Boulogne-sur-Mer Boulogne-sur-Mer
94%
40 199 Compiègne Compiègne
94%
29 173 Soissons Soissons
94%
43 446 Valenciennes Valenciennes
94%
14 287 Senlis Senlis
93%
24 865 Béthune Béthune
92%
96 990 Lille Roubaix
90%
15 107 Château-Thierry Château-Thierry
89%
97 386 Lille Tourcoing
89%
134 074 Amiens Amiens
88%
22 946 Abbeville Abbeville
85%
63 408 Lille Villeneuve-d'Ascq
85%
7 579 Péronne Péronne
82%
6 255 Montdidier Montdidier
77%
35 657 Senlis Creil
62%
36 617 Lille Marcq-en-Barœul
56%
40 958 Lille Wattrelos
50%
26 066 Lens Hénin-Beaumont
49%
11 504 Senlis Chantilly
41%
9 268 Péronne Albert
33%
14 490 Laon Tergnier
29%
17 622 Lens Avion
28%
21 813 Béthune Bruay-la-Buissière
24%
11 878 Laon Chauny
24%
8 813 Vervins Hirson
24%
20 300 Senlis Nogent-sur-Oise
23%
10 872 Soissons Villers-Cotterêts
21%
5 786 Montdidier Roye
20%
5 023 Pérone Ham
18%
5 139 Amiens Longueau
18%
13 519 Senlis Noyon
18%
15 090 Senlis Crépy-en-Valois
16%
17 102 Lens Carvin
14%
6 283 Amiens Corbie
14%
12 209 Senlis Montataire
14%
6 106 Amiens Doullens
13%
14 614 Beauvais Méru
13%
5 664 Saint-Quentin Bohain-en-Vermandois
11%
5 276 Saint-Quentin Gauchy
10%
30 785 Lens Lévin
6%
Aucun quiz correspondant
Distribution des résultats
% des personnes avec chaque résultat
Percentile par nombre de réponses
Votre historique - résultats
Vous n’avez pas pris ce quiz